Guess the Fusion Rock Song Lyrics #59 - Statistics

General Stats
  • This quiz has been taken 11 times
  • The average score is 257 of 318
Answer Stats
Answer % Correct
a
100%
and
100%
And
100%
be
100%
go
100%
I
100%
if
100%
If
100%
in
100%
it
100%
love
100%
me
100%
the
100%
then
100%
to
100%
want
100%
when
100%
you
100%
You
100%
can
89%
can't
89%
for
89%
It's
89%
it's
89%
of
89%
on
89%
why
89%
all
78%
good
78%
I'm
78%
like
78%
my
78%
no
78%
say
78%
see
78%
There
78%
would
78%
been
67%
But
67%
come
67%
get
67%
I've
67%
not
67%
now
67%
only
67%
time
67%
were
67%
your
67%
you're
67%
closer
56%
Closer
56%
Darlin
56%
Day
56%
day
56%
hand
56%
was
56%
we'll
56%
we've
56%
feelin
44%
here
44%
mine
44%
over
44%
Seals and Crofts
44%
There's
44%
there's
44%
touch
44%
Cause
33%
change
33%
down
33%
everything
33%
given
33%
livin
33%
wondering
33%
borrow
22%
changing
22%
cross
22%
deep
22%
inside
22%
line
22%
mind
22%
more
22%
others
22%
People
22%
round
22%
running
22%
strangers
22%
tomorrow
22%
Drop
11%
explain
11%
fingers
11%
forget
11%
locked
11%
wrap
11%
blind
0%
regret
0%
No matching quizzes found
Score Distribution
Percent of People with Each Score
Percentile by Number Answered
Your Score History
You have not taken this quiz